Dragon Fire

Bibliographic Details
Format: Book

MARC

LEADER 00000cam a2200000 7i4500
001 0000007395
002 000007953
005 20000330.0
020 |a 0446346586 
090 0 0 |a F   |b KAP 
245 1 0 |a Dragon Fire 
999 |a 0178224   |b BUKU   |c PINJAMAN   |e PERPUSTAKAAN KOMUNITI PETALING JAYA 
999 |a 017824   |b BUKU   |c PINJAMAN   |e PERPUSTAKAAN KOMUNITI PETALING JAYA